000 01230cam a2200361 i 4500
001 15223642
003 EG-ScBUE
005 20260308093434.0
006 m||||fq||h 00| 0
008 080318t2008 flua f b 001 0 eng d
020 _a9781584886846
040 _aEG-ScBUE
_beng
_erda
_cEG-ScBUE
_dEG-ScBUE
082 0 4 _a570.285
_bGOL
_222
100 1 _aGollery, Martin,
_eauthor.
245 1 0 _aHandbook of hidden Markov models in bioinformatics /
_cMartin Gollery.
264 1 _aBoca Raton, FL :
_bCRC Press / Taylor & Francis Group,
_c[2008]
264 4 _cc2008
300 _axix, 156 pages :
_billustrations ;
_c25 cm +
_e1 CD.
336 _2rdacontent
_atext
_btxt
336 _2rdacontent
_asounds
_bsnd
337 _aunmediated
_2rdamedia
_bn
337 _aaudio
_2rdamedia
_bs
338 _avolume
_bnc
_2rdacarrier
338 _acomputer disc
_bcd
_2rdacarrier
490 0 _aChapman & Hall/CRC mathematical and computational biology series
504 _aIncludes bibliographical references and index.
650 7 _aBioinformatics.
_2BUEsh
_95545
650 7 _aComputational biology.
_2BUEsh
650 7 _aMarkov processes.
_2BUEsh
_96547
653 _bCOMSCI
_cJanuary2017
655 _vReading book
942 _2ddc
_cBB
999 _c23815
_d23787